000
00302nam a2200133Ia 4500
008
231017s9999 xx 000 0 und d
082
_a
388.4097322
082
_b
EVA
245
0
_a
TCRP Report 95: Chapter-14: Road Value Pricing
245
0
_c
TRB
260
_b
TRB
300
_c
30cm
942
_c
REP
999
_c
604199
_d
604199